<?xml version="1.0" encoding="UTF-8"?><?xml-stylesheet type="text/xsl" href="static/style.xsl"?><OAI-PMH xmlns="http://www.openarchives.org/OAI/2.0/" xmlns:xsi="http://www.w3.org/2001/XMLSchema-instance" xsi:schemaLocation="http://www.openarchives.org/OAI/2.0/ http://www.openarchives.org/OAI/2.0/OAI-PMH.xsd"><responseDate>2026-04-17T07:33:15Z</responseDate><request verb="GetRecord" identifier="oai:www.recercat.cat:2117/15484" metadataPrefix="marc">https://recercat.cat/oai/request</request><GetRecord><record><header><identifier>oai:recercat.cat:2117/15484</identifier><datestamp>2025-07-17T09:13:04Z</datestamp><setSpec>com_2072_1033</setSpec><setSpec>col_2072_452950</setSpec></header><metadata><record xmlns="http://www.loc.gov/MARC21/slim" xmlns:dcterms="http://purl.org/dc/terms/" xmlns:xsi="http://www.w3.org/2001/XMLSchema-instance" xmlns:doc="http://www.lyncode.com/xoai" xsi:schemaLocation="http://www.loc.gov/MARC21/slim http://www.loc.gov/standards/marcxml/schema/MARC21slim.xsd">
   <leader>00925njm 22002777a 4500</leader>
   <datafield ind2=" " ind1=" " tag="042">
      <subfield code="a">dc</subfield>
   </datafield>
   <datafield ind2=" " ind1=" " tag="720">
      <subfield code="a">Ricart Ulldemolins, Josep</subfield>
      <subfield code="e">author</subfield>
   </datafield>
   <datafield ind2=" " ind1=" " tag="260">
      <subfield code="c">2007-12-02</subfield>
   </datafield>
   <datafield ind2=" " ind1=" " tag="520">
      <subfield code="a">L’encàrrec de reformar i ampliar una escola amb més del doble de la seva superfície actual, requeria d’una nova interpretació global del projecte i el seu entorn.&#xd;
&#xd;
En un sentit inicial d’edificis autònoms col•locats sense criteri aparent, proposem consolidar un sol edifici que, per la seva forma de T, facilita l’absorció del mòdul escolar ‘Fuensalida’ existent i permet mantenir el gimnàs actual en la seva posició preferent respecte la pista esportiva.&#xd;
&#xd;
L’accés actual és manté per a usos administratius però, en la ròtula d’unió entre l’edifici original i l’ampliació, apareix un espai central emporxat que comunica els dos patis i permet l’accés tant a l’escola infantil com a la de primària com als serveis comuns. L’escola infantil s’estructura en una pinta amb els patis oberts al parc veí.</subfield>
   </datafield>
   <datafield ind2=" " ind1=" " tag="520">
      <subfield code="a">Primer premi</subfield>
   </datafield>
   <datafield tag="653" ind2=" " ind1=" ">
      <subfield code="a">Àrees temàtiques de la UPC::Arquitectura::Arquitectes</subfield>
   </datafield>
   <datafield tag="653" ind2=" " ind1=" ">
      <subfield code="a">Àrees temàtiques de la UPC::Arquitectura::Tipologies d'edificis</subfield>
   </datafield>
   <datafield tag="653" ind2=" " ind1=" ">
      <subfield code="a">Schools -- Spain -- Catalonia</subfield>
   </datafield>
   <datafield tag="653" ind2=" " ind1=" ">
      <subfield code="a">C.E.I.P. Salvador Espriu</subfield>
   </datafield>
   <datafield tag="653" ind2=" " ind1=" ">
      <subfield code="a">Edificis escolars -- Catalunya -- Vidreres</subfield>
   </datafield>
   <datafield tag="653" ind2=" " ind1=" ">
      <subfield code="a">Escoles primàries -- Edificis -- Catalunya -- Vidreres</subfield>
   </datafield>
   <datafield tag="653" ind2=" " ind1=" ">
      <subfield code="a">Escoles públiques -- Catalunya -- Vidreres</subfield>
   </datafield>
   <datafield ind2="0" ind1="0" tag="245">
      <subfield code="a">C.E.I.P. Salvador Espriu, Vidreres. Girona</subfield>
   </datafield>
</record></metadata></record></GetRecord></OAI-PMH>